Antología poética
Guardat en:
| Autor principal: | |
|---|---|
| Format: | Llibre |
| Idioma: | espanyol |
| Publicat: |
Santiago
Planeta
2015
|
| Edició: | 2a. ed |
| Col·lecció: | Seix Barral. Biblioteca Breve, 19-20
|
| Matèries: | |
| Etiquetes: |
Afegir etiqueta
Sense etiquetes, Sigues el primer a etiquetar aquest registre!
|
MARC
| LEADER | 00000cam a2200000 a 4500 | ||
|---|---|---|---|
| 001 | UCD4142 | ||
| 003 | CL-VaPUC | ||
| 008 | 160623e20151100cl |||||||||||||||||spa|d | ||
| 020 | |a 9789562478359 | ||
| 082 | 0 | 4 | |a Ur861 |b BEN |2 21 |
| 100 | 0 | |a Benedetti, Mario |e author |9 518246 | |
| 245 | 1 | 0 | |a Antología poética |
| 250 | |a 2a. ed | ||
| 300 | |a 253 p | ||
| 942 | |c BK | ||
| 945 | |d 20160623 20:48:00 |a arojas | ||
| 260 | |a Santiago |b Planeta |c 2015 | ||
| 650 | 0 | |a Antología poética |9 504960 | |
| 650 | 0 | |a Poesías uruguayas |9 268420 | |
| 650 | 0 | |a Literatura uruguaya |9 342815 | |
| 583 | |a last modification |c 20160623 20:48:00 |k Rodrigo Vera | ||
| 490 | 0 | |a Seix Barral. Biblioteca Breve, 19-20 | |
| 999 | |c 365084 |d 365082 | ||